| 000 | 00710nam a2200133Ia 4500 | ||
|---|---|---|---|
| 008 | 220216s9999 xx 000 0 und d | ||
| 100 | _aMathews K C | ||
| 245 | 0 | _aPlywwod from plantation species: Present status and future research needs | |
| 260 |
_bThe Proceedings of National Seminar on Processing and Utilisation of Plantation Timbers and Bamboo, July 23-24 1998, IPIRTI, Bangalore, pp. 142-150. _c1998 |
||
| 520 | _aIn view of the dwindling Forest resources and non-availability of traditional timbers plywood industry in India has been experiencing acute shortage of timber for plywood manufacture. Hence studies were undertaken | ||
| 700 | _aNarayanaprasad T R | ||
| 700 | _aZoolagud S S | ||
| 942 | _cJS | ||
| 999 |
_c65199 _d65199 |
||